000 01153cai a22002055a 4500
001 ##L136499
008 070205n xxk 000 0 eng u
035 _a(Sirsi) u136499
041 0 _aeng
110 1 _aEngland and Wales
_bEnvironment Agency
_92469
245 0 0 _aNetRegs
_h[electronic resource]
520 _aProvides free environmental guidance for small businesses in the UK, including those involved in construction, agriculture, waste management and minerals/mining. Includes key pieces of current and future environmental legislation and provides access to guidance via business type and environmental topic. Also includes application forms and guidance for various consents, NetRegs surveys, pollution prevention guidelines, and links to relevant organisations and information sources.
590 _aKA
651 4 _aUnited Kingdom
_y
690 _aENVIRONMENTAL AND LAND CONSULTANCY-ENVIRONMENTAL MANAGEMENT
710 2 _aScottish Environment Protection Agency
_93523
710 2 _aNorthern Ireland Environment Agency
_95728
856 4 0 _uhttps://www.netregs.gov.uk/
_zView the website free of charge at www.netregs.gov.uk...
942 _n0
999 _c120577
_d120577